000 00397nam a2200145Ia 4500
008 100122s9999 xx 000 0 und d
082 _b20556
_a920.054
100 _aभावे पु भा
245 _aमुद्रा
260 _bआनंद अनंत अंतरकर
_c1974
300 _a125
630 _aमुद्रा
730 _aमुद्रा
942 _cBOOK
999 _c409084
_d409081